| 000 | 00434nam a2200157Ia 4500 | ||
|---|---|---|---|
| 003 | LK-CoDNM | ||
| 008 | 010623t2001 xxu||||| |||| 00| 1 eng d | ||
| 040 |
_aLK-CoDNM _dLK-CoDNM _eLK-CoDNM |
||
| 041 | _aeng | ||
| 080 |
_a341.231.14 _bGLO |
||
| 245 | _aGlobal Trends On The Right To Information:A Survey Of South Asia | ||
| 260 |
_bHuman Rights Commission _aPakistan _c2001 |
||
| 300 | _bp.150, 30 cm | ||
| 650 | _aLaw | ||
| 942 | _cBK | ||
| 999 |
_c120893 _d120893 |
||